000 00427nam a2200133Ia 4500
008 100328s9999 xx 000 0 und d
082 _b61842
100 _aनाईक गुरुनाथ.
245 _aगोगलगाईचा संदेश.
260 _bनंदादीप.
630 _aगोगलगाईचा संदेश.
730 _aगोगलगाईचा संदेश.
942 _cBOOK
999 _c547902
_d547899